El Control extern de la despesa pública : configuració i garantia constitucional / Francesc Vallès i Vives configuració i garantia constitucional / Francesc Vallès i Vives

por Vallès i Vives, Francesc

ISBN: 84-393-6064-9
Descripción Física: 495 p. ; 21 cm
Colección: Estudis ; 20

MARC

LEADER 00000nam a2200000Ia 4500
001 20496
008 160829s2003 xx 000 0 cat d
020 |a 84-393-6064-9 
080 |a M-6-45 
100 |a Vallès i Vives, Francesc  |9 45744 
245 |a El Control extern de la despesa pública :  |b  configuració i garantia constitucional / Francesc Vallès i Vives 
260 |a Barcelona :  |b Generalitat de Catalunya. Escola d'Administració Pública de Catalunya,  |c 2003 
300 |a 495 p. ;  |c 21 cm 
490 |a Estudis ; 20 
590 |a A la portada: Premi Enric Prat de la Riba 2002, a la millor tesi doctoral sobre gestió pública, organització i funció pública.  
590 |a Bibliografia 
650 |a Despeses públiques  |x Control estatal  |9 45745 
710 |a Escola d'Administració Pública de Catalunya  |9 15494 
901 |a Arxiu 
942 |n 1 
952 |0 0  |1 0  |4 0  |6 M645  |7 1  |9 52789  |a Arxiu  |b Arxiu  |d 2016-12-01  |l 0  |o M-6-45  |p 20496  |r 2016-12-01 00:00:00  |w 2016-12-01  |y ARXIU 
999 |c 56638  |d 56638